Online
Catalog

Uno, nessuno e centomila / (Record no. 19652)

MARC details
000 -CABECERA
campo de control de longitud fija 00749cam a2200217 p 4500
001 - NÚMERO DE CONTROL
campo de control 000020144
005 - FECHA Y HORA DE LA ÚLTIMA TRANSACCIÓN
campo de control 20200929170303.0
008 - DATOS DE LONGITUD FIJA--INFORMACIÓN GENERAL
campo de control de longitud fija 761005t19761941it 000 0 ita
010 ## - NÚMERO DE CONTROL DE LA BIBLIOTECA DEL CONGRESO
Número de control de LC 76479991
015 ## - NÚMERO DE BIBLIOGRAFÍA NACIONAL
Número de bibliografía nacional It75-Mar
020 ## - NÚMERO INTERNACIONAL ESTÁNDAR DEL LIBRO
Condiciones de disponibilidad L1500
040 ## - FUENTE DE LA CATALOGACIÓN
Centro catalogador/agencia de origen DO-SdBNP
Centro/agencia transcriptor DLC
Centro/agencia modificador DLC
050 00 - SIGNATURA TOPOGRÁFICA DE LA BIBLIOTECA DEL CONGRESO
Número de clasificación PQ4835.I7
Número de documento/Ítem U6 1976
100 1# - ENTRADA PRINCIPAL--NOMBRE DE PERSONA
Nombre de persona Pirandello, Luigi,
Fechas asociadas al nombre 1867-1936.
9 (RLIN) 6745
245 10 - MENCIÓN DE TÍTULO
Título Uno, nessuno e centomila /
Mención de responsabilidad, etc. Luigi Pirandello ; introduzione di Giovanni Croci ; cronologia della vita di Pirandello e dei suoi tempi e bibliografia a cura di Corrado Simioni.
250 ## - MENCIÓN DE EDICIÓN
Mención de edición 6. ristampa Oscar.
260 ## - PUBLICACIÓN, DISTRIBUCIÓN, ETC.
Lugar de publicación, distribución, etc. [Milano] :
Nombre del editor, distribuidor, etc. A. Mondadori,
Fecha de publicación, distribución, etc. 1976, c1941.
300 ## - DESCRIPCIÓN FÍSICA
Extensión il, 224 p. ;
Dimensiones 19 cm.
490 0# - MENCIÓN DE SERIE
Mención de serie Gli Oscar ;
Designación de volumen o secuencia 99
910 ## - DATOS DE OPCIÓN DEL USUARIO (OCLC)
Datos de opción del usuario Catalogación derivada / LC
Holdings
Estado de retiro Estado de pérdida Restricciones de uso No para préstamo Código de colección Localización permanente Ubicación/localización actual Ubicación en estantería Fecha de adquisición Número de inventario Total de préstamos Signatura topográfica completa Código de barras Fecha visto por última vez Precio válido a partir de Tipo de ítem Koha
      Excluido de préstamo Monografías: Libros y Folletos General General En catalogación 23.07.2010 LF1   20144-10 25.06.2020 25.06.2020 No se presta

Powered by Koha